[Event "ESP-ch U18"]
[Site "Salobrena"]
[Date "2019.07.24"]
[Round "5"]
[White "Arjol Lopez, Daniel"]
[Black "Merelo Garcia, Francisco"]
[Result "1-0"]
[WhiteElo "2141"]
[BlackElo "1867"]
[PlyCount "59"]
[EventDate "2019.07.22"]
[EventType "swiss"]
[EventRounds "9"]
[EventCountry "ESP"]
[SourceTitle "CBM 191 Extra"]
[Source "ChessBase"]
[SourceDate "2019.09.30"]
[SourceVersion "1"]
[SourceVersionDate "2019.09.30"]
[SourceQuality "1"]

1. c4 Nf6 2. Nc3 d5 3. cxd5 Nxd5 4. Nf3 g6 5. e4 Nxc3 6. dxc3 Qxd1+ 7. Kxd1 Bg7 8. Be3 0-0 9. Kc2 Nd7 10. Nd2 Re8 11. f3 e5 12. a4 a5 13. Bc4 Bf8 14. Nb3 Kg7 15. g4 Be7 16. h4 Nf8 17. h5 Be6 18. Nd2 f6 19. hxg6 hxg6 20. Bh6+ Kf7 21. Rh2 g5 22. Bxf8 Bxf8 23. Bxe6+ Rxe6 24. Nc4 b6 25. Ne3 c6 26. Rah1 Ree8 27. Nf5 b5 28. Rh8 bxa4 29. R1h7+ Ke6 30. Rxf8 1-0

[Event "ESP-ch U18"]
[Site "Salobrena"]
[Date "2019.07.23"]
[Round "3"]
[White "Arjol Lopez, Daniel"]
[Black "Ponseti Lluch, Joan"]
[Result "1/2-1/2"]
[WhiteElo "2141"]
[BlackElo "1923"]
[PlyCount "131"]
[EventDate "2019.07.22"]
[EventType "swiss"]
[EventRounds "9"]
[EventCountry "ESP"]
[SourceTitle "CBM 191 Extra"]
[Source "ChessBase"]
[SourceDate "2019.09.30"]
[SourceVersion "1"]
[SourceVersionDate "2019.09.30"]
[SourceQuality "1"]

1. e4 c5 2. Nf3 Nc6 3. d4 cxd4 4. Nxd4 g6 5. c4 Nf6 6. Nc3 d6 7. Be2 Nxd4 8. Qxd4 Bg7 9. Be3 0-0 10. Qd2 Qa5 11. 0-0 Be6 12. Rfc1 Rfc8 13. b3 a6 14. Rab1 Qb4 15. f3 b5 16. Bd3 Nd7 17. Nd5 Qxd2 18. Bxd2 Bxd5 19. exd5 Bd4+ 20. Kf1 bxc4 21. Rxc4 Rxc4 22. Bxc4 Nb6 23. Ke2 Nxc4 24. bxc4 Kf8 25. Kd3 Bc5 26. g4 Ke8 27. Rb7 Rd8 28. Ba5 Rc8 29. h4 f6 30. Rb2 Kd7 31. Rb7+ Ke8 32. Rb1 Kd7 33. Rh1 Rb8 34. Kc3 Be3 35. h5 g5 36. Kd3 Bf4 37. Bc3 Kc7 38. Kc2 Kd7 39. a4 Be5 40. a5 Bxc3 41. Kxc3 Kc7 42. Re1 Kd7 43. Rc1 Rb7 44. Re1 Rb8 45. h6 Rb7 46. c5 dxc5 47. Re6 Rb1 48. Rxa6 Rc1+ 49. Kd2 Ra1 50. d6 exd6 51. Ra7+ Kc6 52. Rxh7 Rxa5 53. Rf7 Ra2+ 54. Kc3 Ra3+ 55. Kd2 Rxf3 56. Ke2 Rh3 57. Rxf6 c4 58. Rg6 c3 59. Kd1 Rh2 60. Kc1 Kd7 61. Rxg5 Rxh6 62. Kc2 Rh3 63. Rd5 Rg3 64. Rd3 Rxg4 65. Kxc3 d5 66. Rxd5+ 1/2-1/2

[Event "Aragon-chT Honor Gr-B"]
[Site "Aragon"]
[Date "2019.03.09"]
[Round "7.8"]
[White "Cobo Garrido, Diego Israel"]
[Black "Arjol Lopez, Daniel"]
[Result "1-0"]
[WhiteElo "2084"]
[BlackElo "2167"]
[PlyCount "47"]
[EventDate "2019.01.26"]
[EventType "team-tourn"]
[EventRounds "7"]
[EventCountry "ESP"]
[SourceTitle "EXT 2020"]
[Source "ChessBase"]
[SourceDate "2019.10.17"]
[SourceVersion "1"]
[SourceVersionDate "2019.10.17"]
[SourceQuality "1"]
[WhiteTeam "Aragon ONCE"]
[BlackTeam "St Casablanca"]
[WhiteTeamCountry "ESP"]
[BlackTeamCountry "ESP"]

1. e4 c5 2. Nf3 g6 3. d4 cxd4 4. Qxd4 Nf6 5. Nc3 Nc6 6. Qa4 d6 7. e5 dxe5 8. Nxe5 Bd7 9. Nxd7 Qxd7 10. Be3 Bg7 11. Rd1 Qg4 12. Qb3 Qb4 13. Be2 0-0 14. 0-0 Qxb3 15. cxb3 e5 16. Bf3 a5 17. Nd5 Nxd5 18. Rxd5 Nd4 19. Rd7 Nxf3+ 20. gxf3 Rfb8 21. Rc1 Ra6 22. Rcc7 Rf6 23. Rxb7 Rxb7 24. Rd8+ 1-0

[Event "ESP-chT CECLUB Div2"]
[Site "Linares"]
[Date "2018.08.18"]
[Round "7.1"]
[White "Arjol Lopez, Daniel"]
[Black "Pallardo Lozoya, Jose Vicente"]
[Result "0-1"]
[WhiteElo "2137"]
[BlackElo "2382"]
[PlyCount "98"]
[EventDate "2018.08.14"]
[EventType "team-swiss"]
[EventRounds "7"]
[EventCountry "ESP"]
[SourceTitle "CBM 186 Extra"]
[Source "ChessBase"]
[SourceDate "2018.08.24"]
[SourceVersion "1"]
[SourceVersionDate "2018.08.24"]
[SourceQuality "1"]
[WhiteTeam "Casablanca Stadium"]
[BlackTeam "Paterna Laboratorio SyS"]
[WhiteTeamCountry "ESP"]
[BlackTeamCountry "ESP"]

1. c4 e5 2. Nc3 Nc6 3. g3 g6 4. Bg2 Bg7 5. e3 d6 6. Nge2 Be6 7. b3 Qd7 8. h4 Nge7 9. Bb2 0-0 10. Nd5 Bxd5 11. cxd5 Nb4 12. d4 exd4 13. Bxd4 Bxd4 14. Nxd4 Nbxd5 15. h5 c6 16. hxg6 hxg6 17. Qd2 f5 18. e4 Nf6 19. Qh6 Kf7 20. 0-0-0 Rh8 21. Qf4 fxe4 22. Bxe4 Qg4 23. Qxg4 Nxg4 24. Kd2 Rae8 25. Rxh8 Rxh8 26. Bf3 Ne5 27. Be2 Nf5 28. Nxf5 gxf5 29. f4 Nd7 30. Ke3 d5 31. Bd3 Kf6 32. b4 Rh2 33. a4 Ke6 34. Kd4 Nf6 35. b5 Ne4 36. Bxe4 fxe4 37. g4 Kd6 38. Kc3 Rf2 39. f5 Kc5 40. Rg1 d4+ 41. Kb3 e3 42. g5 e2 43. bxc6 bxc6 44. f6 Rf1 45. f7 Rxf7 46. g6 Rf1 47. Rg5+ Kd6 48. g7 e1Q 49. Rg6+ Ke5 0-1

[Event "ESP-chT CECLUB Div2"]
[Site "Linares"]
[Date "2018.08.14"]
[Round "1.4"]
[White "Arjol Lopez, Daniel"]
[Black "Pascual Garcia, Martin"]
[Result "1-0"]
[WhiteElo "2137"]
[BlackElo "1908"]
[PlyCount "65"]
[EventDate "2018.08.14"]
[EventType "team-swiss"]
[EventRounds "7"]
[EventCountry "ESP"]
[SourceTitle "CBM 186 Extra"]
[Source "ChessBase"]
[SourceDate "2018.08.24"]
[SourceVersion "1"]
[SourceVersionDate "2018.08.24"]
[SourceQuality "1"]
[WhiteTeam "Casablanca Stadium"]
[BlackTeam "Oberena"]
[WhiteTeamCountry "ESP"]
[BlackTeamCountry "ESP"]

1. c4 e6 2. Nf3 d5 3. g3 Nf6 4. Bg2 c5 5. 0-0 Nc6 6. b3 Bd6 7. Bb2 0-0 8. e3 Bc7 9. Nc3 a6 10. Na4 b6 11. d4 cxd4 12. cxd5 Nxd5 13. Rc1 Bb7 14. Nxd4 Nxd4 15. Qxd4 e5 16. Qd2 f5 17. Bxd5+ Bxd5 18. Rxc7 Qxc7 19. Qxd5+ Kh8 20. Rc1 Qe7 21. Nxb6 Rae8 22. Qxe5 Qg5 23. Qf4 Qh5 24. Rc7 Rg8 25. Qd4 Rd8 26. Qe5 Qf3 27. Bd4 Rde8 28. Qd5 Qg4 29. Nd7 Rd8 30. Qf7 Rc8 31. Nf6 Qd1+ 32. Kg2 Rcf8 33. Qh5 1-0

[Event "Aragon-chT Honor Descenso"]
[Site "Aragon"]
[Date "2018.03.24"]
[Round "9.25"]
[White "Nicolas Zapata, Irene"]
[Black "Arjol Lopez, Daniel"]
[Result "1-0"]
[WhiteElo "2244"]
[BlackElo "2042"]
[PlyCount "59"]
[EventDate "2018.03.17"]
[EventType "team-tourn"]
[EventRounds "10"]
[EventCountry "ESP"]
[SourceTitle "EXT 2019"]
[Source "ChessBase"]
[SourceDate "2018.10.10"]
[SourceVersion "1"]
[SourceVersionDate "2018.10.10"]
[SourceQuality "1"]
[WhiteTeam "Teruel"]
[BlackTeam "St Casablanca II"]
[WhiteTeamCountry "ESP"]
[BlackTeamCountry "ESP"]

1. d4 Nf6 2. Nf3 e6 3. e3 c5 4. c4 b6 5. Nc3 Be7 6. d5 d6 7. e4 0-0 8. g3 e5 9. Bg2 a6 10. a4 a5 11. 0-0 Ne8 12. Ne1 f5 13. Nd3 Na6 14. f4 fxe4 15. Nxe4 exf4 16. Nxf4 Nec7 17. Bd2 Bf5 18. Bc3 g5 19. Nh5 Bxe4 20. Bxe4 Rxf1+ 21. Qxf1 Qf8 22. Bxh7+ Kxh7 23. Qd3+ Kh6 24. Rf1 Nb4 25. Qe2 Qe8 26. Ng7 Qg6 27. Qxe7 Ncxd5 28. Nf5+ Kh5 29. g4+ Kxg4 30. Qe2+ 1-0

[Event "Aragon-chT Honor Descenso"]
[Site "Aragon"]
[Date "2018.03.17"]
[Round "8.29"]
[White "Arjol Lopez, Daniel"]
[Black "Hinojar Basa, Alfonso"]
[Result "0-1"]
[WhiteElo "2042"]
[BlackElo "2199"]
[PlyCount "82"]
[EventDate "2018.03.17"]
[EventType "team-tourn"]
[EventRounds "10"]
[EventCountry "ESP"]
[SourceTitle "EXT 2019"]
[Source "ChessBase"]
[SourceDate "2018.10.10"]
[SourceVersion "1"]
[SourceVersionDate "2018.10.10"]
[SourceQuality "1"]
[WhiteTeam "St Casablanca II"]
[BlackTeam "Marcos Frechin"]
[WhiteTeamCountry "ESP"]
[BlackTeamCountry "ESP"]

1. Nf3 Nf6 2. g3 d5 3. Bg2 e6 4. 0-0 Be7 5. b3 c5 6. Bb2 0-0 7. c4 Nc6 8. e3 d4 9. exd4 cxd4 10. d3 Re8 11. Re1 Bc5 12. Ne5 Nxe5 13. Rxe5 Qd6 14. f4 Nd7 15. Re2 f5 16. Nd2 Rb8 17. a3 a5 18. Nf3 b5 19. b4 axb4 20. axb4 Bxb4 21. Bxd4 Bc5 22. Bxc5 Qxc5+ 23. d4 Qxc4 24. Rc2 Qb3 25. Qd2 Bb7 26. Rc3 Qb4 27. Ra7 Qd6 28. Ne5 Nxe5 29. fxe5 Qb6 30. Rxb7 Rxb7 31. Bxb7 Qxb7 32. g4 Qe4 33. gxf5 Qxf5 34. Qf2 Qg4+ 35. Rg3 Qd1+ 36. Kg2 Rf8 37. Rf3 Rxf3 38. Qxf3 Qxf3+ 39. Kxf3 Kf7 40. Ke4 Ke7 41. h4 g6 0-1

[Event "Aragon-chT Honor Gr I"]
[Site "Aragon"]
[Date "2018.03.10"]
[Round "7.26"]
[White "Arjol Lopez, Daniel"]
[Black "Laliena Solanes, Luis M"]
[Result "1-0"]
[WhiteElo "2042"]
[BlackElo "2140"]
[PlyCount "121"]
[EventDate "2018.01.27"]
[EventType "team-tourn"]
[EventRounds "7"]
[EventCountry "ESP"]
[SourceTitle "EXT 2019"]
[Source "ChessBase"]
[SourceDate "2018.10.10"]
[SourceVersion "1"]
[SourceVersionDate "2018.10.10"]
[SourceQuality "1"]
[WhiteTeam "St Casablanca II"]
[BlackTeam "Aragon ONCE"]
[WhiteTeamCountry "ESP"]
[BlackTeamCountry "ESP"]

1. c4 e5 2. g3 Nf6 3. Bg2 c6 4. Nc3 d5 5. cxd5 cxd5 6. d4 exd4 7. Qxd4 Nc6 8. Qa4 d4 9. Ne4 Bb4+ 10. Bd2 Bxd2+ 11. Nxd2 0-0 12. Ngf3 Re8 13. Nb3 Bg4 14. 0-0 Rxe2 15. Nfxd4 Nxd4 16. Nxd4 Rxb2 17. Rab1 Qb6 18. Nb5 Rxb1 19. Rxb1 Bd7 20. Qd4 h5 21. Qxb6 axb6 22. Nc3 Ra3 23. Nd5 Nxd5 24. Bxd5 b5 25. Re1 Kf8 26. h4 Bc6 27. Bb3 Ra8 28. f4 Rd8 29. Kf2 g6 30. Re5 Rd3 31. Re3 Rd2+ 32. Re2 Rd6 33. Ke3 Rd8 34. Kf2 Rd7 35. Re5 Kg7 36. Ke3 Kf6 37. Ke2 Rd6 38. Ke3 Bd7 39. Rc5 Rb6 40. Kd4 Ra6 41. Rc7 Rd6+ 42. Kc5 Rc6+ 43. Rxc6+ bxc6 44. Kd6 Be8 45. Bc2 c5 46. Kxc5 Bd7 47. Bd3 Be6 48. a3 Bc4 49. Bxc4 bxc4 50. Kxc4 Kf5 51. a4 Kg4 52. a5 Kxg3 53. a6 Kxh4 54. a7 Kg3 55. a8Q h4 56. Qg8 Kxf4 57. Qxf7+ Kg3 58. Qxg6+ Kh2 59. Kd3 h3 60. Ke2 Kh1 61. Kf2 1-0

[Event "Aragon-chT Honor Gr I"]
[Site "Aragon"]
[Date "2018.03.03"]
[Round "6.22"]
[White "Villuendas Valero, Adrian"]
[Black "Arjol Lopez, Daniel"]
[Result "1/2-1/2"]
[WhiteElo "2291"]
[BlackElo "2042"]
[PlyCount "81"]
[EventDate "2018.01.27"]
[EventType "team-tourn"]
[EventRounds "7"]
[EventCountry "ESP"]
[SourceTitle "EXT 2019"]
[Source "ChessBase"]
[SourceDate "2018.10.10"]
[SourceVersion "1"]
[SourceVersionDate "2018.10.10"]
[SourceQuality "1"]
[WhiteTeam "El Olivar"]
[BlackTeam "St Casablanca II"]
[WhiteTeamCountry "ESP"]
[BlackTeamCountry "ESP"]

1. d4 Nf6 2. Nf3 e6 3. Bf4 c5 4. e3 Nc6 5. Nbd2 d5 6. c3 Be7 7. Bd3 0-0 8. Ne5 Nd7 9. Qh5 f5 10. 0-0 Ndxe5 11. dxe5 Bd7 12. Qe2 g5 13. Bg3 Be8 14. Rab1 h5 15. f4 g4 16. Rfd1 c4 17. Bc2 Qa5 18. a3 b5 19. Qe1 Bf7 20. Bh4 Rfb8 21. Bxe7 Nxe7 22. Qh4 Ng6 23. Qg5 Qd8 24. Qxd8+ Rxd8 25. h3 Kg7 26. hxg4 hxg4 27. Nf1 Ne7 28. Ng3 a5 29. Kf2 Nc6 30. Rh1 Rh8 31. Rxh8 Rxh8 32. Rh1 Rxh1 33. Nxh1 Be8 34. Ng3 Kf8 35. Ne2 Bd7 36. Kg3 Kg7 37. Kh4 Kh6 38. Nd4 Nxd4 39. exd4 a4 40. Bd1 Kg6 41. Bc2 1/2-1/2

[Event "Aragon-chT Honor Gr I"]
[Site "Aragon"]
[Date "2018.02.10"]
[Round "3.30"]
[White "Llanes Luno, Ricardo"]
[Black "Arjol Lopez, Daniel"]
[Result "1-0"]
[WhiteElo "2179"]
[BlackElo "2042"]
[PlyCount "87"]
[EventDate "2018.01.27"]
[EventType "team-tourn"]
[EventRounds "7"]
[EventCountry "ESP"]
[SourceTitle "EXT 2019"]
[Source "ChessBase"]
[SourceDate "2018.10.10"]
[SourceVersion "1"]
[SourceVersionDate "2018.10.10"]
[SourceQuality "1"]
[WhiteTeam "Delicias"]
[BlackTeam "St Casablanca II"]
[WhiteTeamCountry "ESP"]
[BlackTeamCountry "ESP"]

1. e4 c5 2. Nf3 g6 3. d4 cxd4 4. Qxd4 Nf6 5. Bb5 a6 6. e5 axb5 7. exf6 Nc6 8. Qd3 e6 9. Nc3 Bb4 10. 0-0 Bxc3 11. bxc3 Qxf6 12. Qxb5 Ra5 13. Qb6 0-0 14. Bd2 d6 15. Nd4 Ra6 16. Qb3 Bd7 17. Qxb7 Ra7 18. Qb2 Rb8 19. Qc1 Nxd4 20. cxd4 Bc6 21. Be3 Ra5 22. Rb1 Rxb1 23. Qxb1 Rb5 24. Qe1 Rh5 25. f3 Bb5 26. Rf2 Qh4 27. g4 Rd5 28. Qb4 h5 29. c4 Bxc4 30. Qxc4 hxg4 31. Qe2 e5 32. fxg4 exd4 33. Qf3 Rf5 34. gxf5 dxe3 35. Re2 Qg5+ 36. Kh1 Qf6 37. Kg2 Qg5+ 38. Kf1 Qf6 39. Rxe3 Qa1+ 40. Re1 Qxa2 41. Re8+ Kg7 42. f6+ Kh6 43. Qe3+ Kh5 44. Qe2+ 1-0

[Event "Aragon-chT Honor Gr I"]
[Site "Aragon"]
[Date "2018.02.03"]
[Round "2.14"]
[White "Arjol Lopez, Daniel"]
[Black "Ramiro Ovejero, Juan Luis"]
[Result "1/2-1/2"]
[WhiteElo "2042"]
[BlackElo "2384"]
[PlyCount "91"]
[EventDate "2018.01.27"]
[EventType "team-tourn"]
[EventRounds "7"]
[EventCountry "ESP"]
[SourceTitle "EXT 2019"]
[Source "ChessBase"]
[SourceDate "2018.10.10"]
[SourceVersion "1"]
[SourceVersionDate "2018.10.10"]
[SourceQuality "1"]
[WhiteTeam "St Casablanca II"]
[BlackTeam "Jaime Casas"]
[WhiteTeamCountry "ESP"]
[BlackTeamCountry "ESP"]

1. c4 e5 2. g3 Nf6 3. Bg2 c6 4. Nc3 d5 5. cxd5 cxd5 6. d4 e4 7. Bg5 Bb4 8. Nh3 Bxc3+ 9. bxc3 Nbd7 10. 0-0 h6 11. Bxf6 Nxf6 12. Qb3 0-0 13. Rac1 Bf5 14. f3 Qd7 15. Nf4 Rfe8 16. fxe4 Bxe4 17. Bxe4 Rxe4 18. Rb1 b6 19. Qb5 Qd6 20. Rf3 Rd8 21. Rbf1 Re7 22. Ng2 Ne4 23. Ne3 Nxc3 24. Qd3 Qb4 25. Nc2 Qa4 26. Qxc3 Rxe2 27. R3f2 Rxf2 28. Rxf2 Qxa2 29. Qc7 Rf8 30. Kg2 Qa4 31. Qe5 Qc6 32. Ne3 f6 33. Qxd5+ Qxd5+ 34. Nxd5 Rd8 35. Ne7+ Kf7 36. Nc6 Rd6 37. Nxa7 Rxd4 38. Rb2 h5 39. Nc8 h4 40. Nxb6 hxg3 41. hxg3 g5 42. Rc2 f5 43. Nc4 g4 44. Ne3 f4 45. Nxg4 fxg3 46. Kxg3 1/2-1/2

[Event "ESP-chT Regional U14"]
[Site "Padron"]
[Date "2016.06.23"]
[Round "1.71"]
[White "Ruiz Gonzalez, Jorge"]
[Black "Arjol Lopez, Daniel"]
[Result "0-1"]
[WhiteElo "1492"]
[BlackElo "1972"]
[PlyCount "90"]
[EventDate "2016.06.23"]
[EventType "team-swiss"]
[EventRounds "6"]
[EventCountry "ESP"]
[SourceTitle "EXT 2017"]
[Source "ChessBase"]
[SourceDate "2016.10.25"]
[SourceVersion "1"]
[SourceVersionDate "2016.10.25"]
[SourceQuality "1"]
[WhiteTeam "La Rioja"]
[BlackTeam "Aragon"]
[WhiteTeamCountry "ESP"]
[BlackTeamCountry "ESP"]

1. d4 d5 2. c4 e6 3. Nc3 c6 4. e3 Nf6 5. Nf3 Bd6 6. Bd2 0-0 7. Bd3 dxc4 8. Bxc4 b5 9. Bd3 Nbd7 10. 0-0 a6 11. a4 Bb7 12. e4 e5 13. Qc2 exd4 14. Nxd4 Nc5 15. Nf3 Nxd3 16. Kh1 Ne5 17. Nxe5 Bxe5 18. f4 Bxc3 19. Bxc3 Qe7 20. e5 Nd5 21. Bd4 Rfd8 22. f5 c5 23. f6 Qc7 24. Qf5 cxd4 25. Qg5 Nxf6 26. exf6 Bxg2+ 27. Kxg2 Qc2+ 28. Rf2 Qg6 29. Qxg6 hxg6 30. fxg7 Kxg7 31. Rd2 Rd5 32. axb5 Rxb5 33. Ra4 Rab8 34. Rxa6 Rxb2 35. Ra2 Rxa2 36. Rxa2 Rd8 37. Kf3 Kh6 38. Ke4 d3 39. Rd2 Kh5 40. Kf4 Kh4 41. Ke5 f5 42. Kf6 f4 43. Rf2 d2 44. Rxf4+ Kh5 45. Rf3 Rf8+ 0-1

[Event "Aragon-chT Preferente A"]
[Site "Aragon"]
[Date "2016.03.19"]
[Round "8.32"]
[White "Arjol Lopez, Daniel"]
[Black "Galvez Longas, Isaac"]
[Result "1-0"]
[WhiteElo "1836"]
[BlackElo "1715"]
[PlyCount "104"]
[EventDate "2016.01.30"]
[EventType "team-tourn"]
[EventRounds "9"]
[EventCountry "ESP"]
[SourceTitle "EXT 2018"]
[Source "ChessBase"]
[SourceDate "2017.10.13"]
[SourceVersion "1"]
[SourceVersionDate "2017.10.13"]
[SourceQuality "1"]
[WhiteTeam "St Casablanca IV"]
[BlackTeam "Ejea"]
[WhiteTeamCountry "ESP"]
[BlackTeamCountry "ESP"]

1. e4 d5 2. exd5 Qxd5 3. Nc3 Qa5 4. Bc4 Nf6 5. d3 c6 6. Bd2 Qc7 7. Qe2 Bg4 8. Nf3 e6 9. h3 Bh5 10. g4 Bg6 11. 0-0-0 Bb4 12. Ne5 Qe7 13. h4 h6 14. Nxg6 fxg6 15. Bxe6 Na6 16. g5 Nh5 17. Qe4 Nc5 18. Qxg6+ Kd8 19. Qxh5 Nxe6 20. Rhe1 Bxc3 21. Bxc3 Kd7 22. g6 Qd6 23. Qg4 Qf4+ 24. Qxf4 Nxf4 25. Bxg7 Rhg8 26. Bxh6 Nxg6 27. Bg5 Rh8 28. Re4 Raf8 29. Rf1 Rf3 30. Kd1 Rh3 31. Ke2 Re8 32. Rxe8 Kxe8 33. Rg1 Kf7 34. Rg3 Rh1 35. Rf3+ Kg7 36. a3 Nxh4 37. Bxh4 Rxh4 38. Ke3 Rh1 39. Rf4 Kg6 40. Kd4 Rh8 41. b3 c5+ 42. Kc4 Rh7 43. f3 b6 44. b4 Kg5 45. Rf8 cxb4 46. axb4 Rc7+ 47. Kb3 Kg6 48. c4 Kg7 49. Rf5 Rd7 50. Rd5 Rf7 51. Kc3 Kg6 52. Rd6+ Kh5 1-0

[Event "Aragon-chT Preferente A"]
[Site "Aragon"]
[Date "2016.03.12"]
[Round "7.47"]
[White "Perez Puyal, Jose Joaquin"]
[Black "Arjol Lopez, Daniel"]
[Result "0-1"]
[WhiteElo "1855"]
[BlackElo "1836"]
[PlyCount "88"]
[EventDate "2016.01.30"]
[EventType "team-tourn"]
[EventRounds "9"]
[EventCountry "ESP"]
[SourceTitle "EXT 2018"]
[Source "ChessBase"]
[SourceDate "2017.10.13"]
[SourceVersion "1"]
[SourceVersionDate "2017.10.13"]
[SourceQuality "1"]
[WhiteTeam "Jaque"]
[BlackTeam "St Casablanca IV"]
[WhiteTeamCountry "ESP"]
[BlackTeamCountry "ESP"]

1. d4 d5 2. Nf3 Nf6 3. e3 c6 4. Bd3 Bg4 5. Nbd2 e6 6. 0-0 Bd6 7. c4 Nbd7 8. e4 dxe4 9. Nxe4 Nxe4 10. Bxe4 Nf6 11. Bc2 0-0 12. Bg5 h6 13. Bh4 Bc7 14. Qd3 Bf5 15. Qc3 g5 16. Bxf5 exf5 17. Nxg5 hxg5 18. Bxg5 Qd6 19. Qh3 Ne4 20. Bh6 Rfe8 21. g3 Qg6 22. Kh1 Re6 23. Be3 Kg7 24. Qg2 Rh8 25. Kg1 f4 26. gxf4 Qxg2+ 27. Kxg2 Rg6+ 28. Kf3 f5 29. Rh1 Rh3+ 30. Ke2 Kf7 31. Rad1 Rg2 32. c5 Bxf4 33. Kf1 Rg4 34. Bxf4 Rxf4 35. Kg2 Rhh4 36. f3 Ng5 37. Rd3 Rxd4 38. Rhd1 Ne6 39. Kg3 Rxd3 40. Rxd3 Rd4 41. Rc3 Kf6 42. a3 Rd2 43. b4 f4+ 44. Kh3 Kf5 0-1

[Event "Aragon-chT Preferente A"]
[Site "Aragon"]
[Date "2016.02.20"]
[Round "4.43"]
[White "Arjol Lopez, Daniel"]
[Black "De Pablo Zuniga, Hector Luis"]
[Result "1-0"]
[WhiteElo "1836"]
[BlackElo "1975"]
[PlyCount "105"]
[EventDate "2016.01.30"]
[EventType "team-tourn"]
[EventRounds "9"]
[EventCountry "ESP"]
[SourceTitle "EXT 2018"]
[Source "ChessBase"]
[SourceDate "2017.10.13"]
[SourceVersion "1"]
[SourceVersionDate "2017.10.13"]
[SourceQuality "1"]
[WhiteTeam "St Casablanca IV"]
[BlackTeam "Marcos Frechin"]
[WhiteTeamCountry "ESP"]
[BlackTeamCountry "ESP"]

1. e4 c5 2. Nf3 d6 3. d4 cxd4 4. Nxd4 Nf6 5. Nc3 a6 6. f3 e5 7. Nb3 Be6 8. Be3 Nbd7 9. Qd2 Be7 10. 0-0-0 Qc7 11. g4 Nb6 12. Bxb6 Qxb6 13. g5 Nh5 14. Kb1 Nf4 15. h4 h6 16. Rh2 0-0-0 17. Na4 Qc6 18. Qb4 d5 19. Qxe7 Qxa4 20. exd5 Nxd5 21. Qc5+ Qc6 22. Qxc6+ bxc6 23. Bxa6+ Kc7 24. Rhd2 Ne3 25. Rxd8 Rxd8 26. Rxd8 Kxd8 27. Nc5 Ng2 28. Nd3 f6 29. gxh6 gxh6 30. Nc5 Bd5 31. Ne4 Bxe4 32. fxe4 Nxh4 33. Be2 Ng6 34. Kc1 Kc7 35. Kd2 Kb6 36. Ke3 Nf4 37. Bf1 Ne6 38. c3 h5 39. b4 h4 40. a4 Ng5 41. a5+ Ka7 42. Bg2 c5 43. b5 Nf7 44. b6+ Kb7 45. Kd3 Nd6 46. Bh3 c4+ 47. Ke3 Nb5 48. Bf1 Nxc3 49. Bxc4 Na4 50. Kf3 Nc5 51. Kg4 Na6 52. Bxa6+ Kxa6 53. Kxh4 1-0

[Event "Benidorm New Generation U12 11th"]
[Site "Benidorm"]
[Date "2015.12.06"]
[Round "3.4"]
[White "Arjol Lopez, Daniel"]
[Black "Ramon Herraez, Alex"]
[Result "1-0"]
[WhiteElo "1833"]
[BlackElo "1416"]
[PlyCount "65"]
[EventDate "2015.12.04"]
[EventType "swiss"]
[EventRounds "7"]
[EventCountry "ESP"]
[SourceTitle "EXT 2024"]
[Source "ChessBase"]
[SourceDate "2023.10.10"]
[SourceVersion "1"]
[SourceVersionDate "2023.10.10"]
[SourceQuality "1"]

1. e4 c5 2. d4 cxd4 3. c3 d3 4. Bxd3 Nc6 5. Bf4 d6 6. Nf3 Nf6 7. 0-0 e6 8. Qe2 d5 9. Bg5 Be7 10. Rd1 Qb6 11. Bxf6 dxe4 12. Bxe4 Bxf6 13. Na3 0-0 14. Nc4 Qc7 15. Ne3 g6 16. Rd2 Rd8 17. Rad1 Rxd2 18. Rxd2 Bd7 19. Ng4 Bg7 20. Qd1 Be8 21. Bxc6 Bxc6 22. Nd4 Bxd4 23. Rxd4 Qb6 24. Qd2 f5 25. Nf6+ Kf7 26. Nxh7 Qc7 27. Qh6 Qe5 28. Qd2 Rh8 29. Ng5+ Ke7 30. f4 Qc5 31. Qe3 Bd5 32. c4 Bxc4 33. Rd7+ 1-0

[Event "Zaragoza Province-ch Preferente"]
[Site "Zaragoza"]
[Date "2015.11.01"]
[Round "5"]
[White "Goni Navarro, Pablo"]
[Black "Arjol Lopez, Daniel"]
[Result "1/2-1/2"]
[WhiteElo "2008"]
[BlackElo "1878"]
[PlyCount "113"]
[EventDate "2015.09.27"]
[EventType "swiss"]
[EventRounds "6"]
[EventCountry "ESP"]
[SourceTitle "CBM 170 Extra"]
[Source "ChessBase"]
[SourceDate "2016.02.25"]
[SourceVersion "1"]
[SourceVersionDate "2016.02.25"]
[SourceQuality "1"]

1. Nf3 d5 2. c4 e6 3. g3 c6 4. Bg2 Nf6 5. 0-0 Bd6 6. d4 0-0 7. Nbd2 Nbd7 8. Qc2 Re8 9. Rd1 b6 10. e4 dxe4 11. Nxe4 Nxe4 12. Qxe4 Qc7 13. Ng5 Nf6 14. Qxc6 Rb8 15. c5 bxc5 16. dxc5 Be5 17. f4 Bb7 18. Qxc7 Bxc7 19. c6 Ba6 20. Be3 Rxb2 21. Bd4 Bb6 22. Bxb6 Rxb6 23. Rac1 Kf8 24. Ne4 Nd5 25. Nd6 Rd8 26. Bxd5 Rxd6 27. Bf3 Ke7 28. Rxd6 Kxd6 29. Rd1+ Ke7 30. Rd7+ Ke8 31. Rxa7 Rb1+ 32. Kf2 Rb2+ 33. Ke3 Rxa2 34. c7 Ra3+ 35. Kf2 Ra2+ 36. Ke1 Kd7 37. Bc6+ Kc8 38. Bb7+ Kxc7 39. Rxa6 Rxh2 40. Bf3 Kd8 41. Ra7 Ke8 42. Bc6+ Kf8 43. Kf1 Rd2 44. Rd7 Rb2 45. Bf3 g6 46. Be2 Kg7 47. Kf2 h5 48. Kf3 Kf6 49. Ra7 Rb3+ 50. Kf2 Rb2 51. Ra5 Rb4 52. Ke3 Rb8 53. Ra7 Rb6 54. Ba6 Rb3+ 55. Ke4 Rxg3 56. Bc8 g5 57. fxg5+ 1/2-1/2

[Event "Zaragoza Province-ch Preferente"]
[Site "Zaragoza"]
[Date "2015.10.04"]
[Round "2"]
[White "Arjol Lopez, Daniel"]
[Black "Fernandez Rubio, Rafael"]
[Result "1-0"]
[WhiteElo "1878"]
[BlackElo "2070"]
[PlyCount "61"]
[EventDate "2015.09.27"]
[EventType "swiss"]
[EventRounds "6"]
[EventCountry "ESP"]
[SourceTitle "CBM 170 Extra"]
[Source "ChessBase"]
[SourceDate "2016.02.25"]
[SourceVersion "1"]
[SourceVersionDate "2016.02.25"]
[SourceQuality "1"]

1. c4 e5 2. g3 f5 3. Bg2 Nf6 4. Nc3 Bc5 5. d3 0-0 6. Nf3 Nc6 7. 0-0 h6 8. a3 a5 9. e3 Qe7 10. d4 Ba7 11. Nd5 Nxd5 12. cxd5 e4 13. Nh4 Nxd4 14. exd4 Qf6 15. Qh5 Bxd4 16. Rd1 c5 17. d6 Qxd6 18. Be3 g5 19. Bxg5 hxg5 20. Qxg5+ Kf7 21. Qh5+ Ke6 22. Bh3 Kd5 23. Nxf5 Qe5 24. Rxd4+ cxd4 25. Ne3+ dxe3 26. Rd1+ Kc6 27. Qxe5 exf2+ 28. Kf1 Rd8 29. Rc1+ Kb6 30. Qc7+ Ka6 31. Qxd8 1-0

[Event "Amposta Balague Memorial 1st"]
[Site "Amposta"]
[Date "2014.07.26"]
[Round "5"]
[White "Arjol Lopez, Daniel"]
[Black "Accensi Estrada, Miguel Angel"]
[Result "0-1"]
[WhiteElo "1520"]
[BlackElo "2193"]
[PlyCount "46"]
[EventDate "2014.07.24"]
[EventType "swiss"]
[EventRounds "7"]
[EventCountry "ESP"]
[SourceTitle "CBM 161 Extra"]
[Source "ChessBase"]
[SourceDate "2014.08.29"]
[SourceVersion "1"]
[SourceVersionDate "2014.08.29"]
[SourceQuality "1"]

1. d4 Nf6 2. c4 e6 3. Nf3 c5 4. e3 Be7 5. Nbd2 cxd4 6. exd4 0-0 7. Bd3 Nc6 8. 0-0 a6 9. b3 d5 10. Re1 Rb8 11. Bb2 dxc4 12. Nxc4 b5 13. Nce5 Bb7 14. Nxc6 Bxc6 15. Ne5 Bd5 16. Re3 g6 17. Rg3 Be4 18. Bxe4 Nxe4 19. Re3 Qd5 20. Qc2 Nd6 21. Qc7 Nf5 22. Nc6 Bd6 23. Qd7 Bxh2+ 0-1